[Event "VI Festival A"]
[Site "Savigliano ITA"]
[Date "2007.05.31"]
[Round "1"]
[White "Blengino, Luca"]
[Black "Petritaj, Ferdinando"]
[Result "0-1"]
[WhiteElo "1854"]
[BlackElo "2141"]
[PlyCount "58"]
[EventDate "2007.05.31"]

1. d4 Nf6 2. c4 e6 3. Nc3 Bb4 4. a3 Bxc3+ 5. bxc3 O-O 6. f3 d5 7. cxd5 exd5 8.
Nh3 Bxh3 9. gxh3 Nh5 10. Qc2 Qh4+ 11. Kd1 c5 12. Qf5 g6 13. Rg1 cxd4 14. Qg4
Qf2 15. Qxd4 Qxh2 16. Bh6 Nc6 17. Qg4 Rfe8 18. f4 d4 19. Rg2 Qh1 20. Kd2 dxc3+
21. Kxc3 Re3+ 22. Kb2 Rd8 23. Rc1 Nf6 24. Qh4 Rd2+ 25. Rc2 Rxc2+ 26. Kxc2 Nd4+
27. Kd2 Ne4+ 28. Kxe3 Nf5+ 29. Kxe4 Nxh4 0-1

[Event "VI Festival A"]
[Site "Savigliano ITA"]
[Date "2007.05.31"]
[Round "1"]
[White "Borgo, Giulio"]
[Black "Gallitto, Salvatore"]
[Result "1-0"]
[WhiteElo "2418"]
[BlackElo "1939"]
[PlyCount "51"]
[EventDate "2007.05.31"]

1. Nf3 d5 2. d4 Nf6 3. c4 e6 4. Nc3 Be7 5. Bf4 O-O 6. e3 c5 7. dxc5 Bxc5 8.
cxd5 exd5 9. Be2 Nc6 10. O-O a6 11. Bg5 Be6 12. Qa4 h6 13. Bh4 Be7 14. Rfd1 Qb6
15. Rd2 Rfd8 16. Rad1 Rac8 17. Nd4 Ne5 18. Nxe6 fxe6 19. Qd4 Ned7 20. Rc2 Bc5
21. Qd2 Bb4 22. Qc1 Qa5 23. Nxd5 Rxc2 24. Nxf6+ Nxf6 25. Rxd8+ Qxd8 26. Qxc2
1-0

[Event "VI Festival A"]
[Site "Savigliano ITA"]
[Date "2007.05.31"]
[Round "1"]
[White "Cordara, Michele"]
[Black "Sattanino, Andrea"]
[Result "1-0"]
[WhiteElo "2152"]
[BlackElo "1855"]
[PlyCount "31"]
[EventDate "2007.05.31"]

1. Nf3 d5 2. c4 Nf6 3. b3 dxc4 4. bxc4 g6 5. Bb2 Bg7 6. g3 b6 7. Bg2 Bb7 8. O-O
Nbd7 9. d4 e6 10. Nc3 O-O 11. Qb3 c5 12. e3 Qe7 13. Rfd1 cxd4 14. exd4 Rfd8 15.
Ba3 Qe8 16. Nb5 1-0

[Event "VI Festival A"]
[Site "Savigliano ITA"]
[Date "2007.05.31"]
[Round "1"]
[White "Davi, Alessandro"]
[Black "Martin, Tiziano"]
[Result "1/2-1/2"]
[WhiteElo "1731"]
[BlackElo "2008"]
[PlyCount "76"]
[EventDate "2007.05.31"]

1. d4 d5 2. c4 c6 3. Nf3 Nf6 4. Nc3 Qb6 5. e3 Bf5 6. Na4 Qc7 7. Bd2 e6 8. Rc1
Nbd7 9. Be2 Bd6 10. O-O O-O 11. h3 h6 12. b4 dxc4 13. Bxc4 a6 14. Nc5 Bxc5 15.
bxc5 Be4 16. Bc3 Bd5 17. Nd2 Rad8 18. Qe2 Ne4 19. Nb3 Nxc3 20. Rxc3 Nf6 21. Nd2
e5 22. Rb1 exd4 23. exd4 Rfe8 24. Qd1 Qf4 25. Bxd5 Rxd5 26. Nf3 Rd7 27. Qc1
Qxc1+ 28. Rcxc1 Re2 29. a3 Ra2 30. Rc3 Ne4 31. Rcb3 Ng5 32. Nxg5 hxg5 33. Rxb7
Rxd4 34. R7b6 Rdd2 35. Rxc6 Rxf2 36. Rc8+ Kh7 37. g4 Rg2+ 38. Kf1 Rh2 1/2-1/2

[Event "VI Festival A"]
[Site "Savigliano ITA"]
[Date "2007.05.31"]
[Round "1"]
[White "Finocchiaro, Gianluca"]
[Black "Ortega, Lexy"]
[Result "0-1"]
[WhiteElo "1939"]
[BlackElo "2425"]
[PlyCount "70"]
[EventDate "2007.05.31"]

1. e4 c5 2. c3 d5 3. exd5 Qxd5 4. d4 Nf6 5. Nf3 Bg4 6. Be2 e6 7. O-O Nc6 8. Be3
cxd4 9. cxd4 Be7 10. Nc3 Qd6 11. h3 Bh5 12. Ne5 Bxe2 13. Qxe2 O-O 14. Nb5 Qd8
15. Rac1 Nb4 16. a3 Nbd5 17. Bg5 a6 18. Nc3 Nxc3 19. Rxc3 Nd5 20. Bxe7 Nxc3 21.
bxc3 Qxe7 22. Qb2 Rac8 23. Rb1 Rc7 24. Nd3 b6 25. Qxb6 Rxc3 26. Nc5 Rxa3 27.
Qb4 Ra2 28. Qc4 Ra5 29. Nxa6 Qa7 30. Nc5 e5 31. Nb3 Ra4 32. Qc5 Qxc5 33. dxc5
Rb4 34. Nd2 Rxb1+ 35. Nxb1 Rc8 0-1

[Event "VI Festival A"]
[Site "Savigliano ITA"]
[Date "2007.05.31"]
[Round "1"]
[White "Gioseffi, Massimiliano"]
[Black "Belezky, Alexander"]
[Result "0-1"]
[WhiteElo "1939"]
[BlackElo "2404"]
[PlyCount "118"]
[EventDate "2007.05.31"]

1. d4 Nf6 2. c4 e6 3. Nf3 Bb4+ 4. Bd2 Qe7 5. a3 Bxd2+ 6. Nbxd2 d6 7. e4 e5 8.
dxe5 dxe5 9. Be2 Nc6 10. O-O O-O 11. Qc2 Bg4 12. Rfd1 a5 13. Rab1 Nd7 14. h3
Bxf3 15. Nxf3 Nc5 16. b4 axb4 17. axb4 Ne6 18. c5 Ned4 19. Nxd4 Nxd4 20. Qb2
Ra4 21. Bc4 Qh4 22. f3 Qg3 23. Qf2 Qf4 24. Qd2 g5 25. Qxf4 gxf4 26. Rd2 Rfa8
27. Kf2 Kf8 28. Rdb2 Ke7 29. Rd2 Ra3 30. Rbb2 R8a4 31. Be2 Rc3 32. Bd1 Ra1 33.
Be2 Raa3 34. Bd1 Rc1 35. Be2 Raa1 36. Bd3 Ra4 37. Bf1 Kf6 38. Bd3 Kg5 39. Bf1
Kh4 40. Bd3 Kg5 41. Bf1 Kf6 42. Bd3 Nc6 43. Bb5 Rxb4 44. Bxc6 Rxb2 45. Rxb2
bxc6 46. Rb7 Rc2+ 47. Ke1 Rxc5 48. Rxc7 Rc2 49. Kd1 Rxg2 50. Rxc6+ Kg7 51. Rc5
f6 52. Rc2 Rxc2 53. Kxc2 Kg6 54. Kd3 Kg5 55. Kc4 Kh4 56. Kd5 Kg3 57. Ke6 Kxf3
58. Kf5 Ke3 59. Kxf6 Kxe4 0-1

[Event "VI Festival A"]
[Site "Savigliano ITA"]
[Date "2007.05.31"]
[Round "1"]
[White "Malano, Francesco"]
[Black "Artero, Carlo"]
[Result "1-0"]
[WhiteElo "1980"]
[BlackElo "1548"]
[PlyCount "55"]
[EventDate "2007.05.31"]

1. Nf3 d5 2. c4 Nf6 3. g3 c6 4. Bg2 g6 5. b3 Bg7 6. Bb2 O-O 7. O-O h6 8. Qc2
Bf5 9. d3 Qd7 10. Re1 Na6 11. Nbd2 Nb4 12. Qb1 dxc4 13. bxc4 Bxd3 14. exd3 Nxd3
15. Rxe7 Qxe7 16. Qxd3 Qb4 17. Ba3 Qa5 18. Bxf8 Rxf8 19. Qc2 Rd8 20. Rb1 Rd7
21. Nb3 Qb6 22. Rd1 Rxd1+ 23. Qxd1 Ne4 24. Qc2 f5 25. Nh4 Kf7 26. Bxe4 fxe4 27.
Qxe4 c5 28. Qd5+ 1-0

[Event "VI Festival A"]
[Site "Savigliano ITA"]
[Date "2007.05.31"]
[Round "1"]
[White "Medaglia, Enzo"]
[Black "Vinciguerra, Marco"]
[Result "1/2-1/2"]
[WhiteElo "1840"]
[BlackElo "2059"]
[PlyCount "66"]
[EventDate "2007.05.31"]

1. e4 d5 2. exd5 Nf6 3. Nc3 Nxd5 4. Nxd5 Qxd5 5. Nf3 Bf5 6. d3 Nc6 7. Be2 e5 8.
O-O Bc5 9. Be3 O-O-O 10. Bxc5 Qxc5 11. Rc1 e4 12. Ne1 Nd4 13. Bg4 Bxg4 14.
Qxg4+ f5 15. Qd1 Rhe8 16. c3 Ne2+ 17. Qxe2 exd3 18. Nxd3 Qb5 19. Qc2 Rxd3 20.
c4 Qd7 21. Rcd1 Rd8 22. Rxd3 Qxd3 23. Qa4 a6 24. h3 f4 25. Re1 Qd2 26. Re7 f3
27. Rxg7 Qe1+ 28. Kh2 Qe5+ 29. Rg3 h5 30. h4 Rd4 31. gxf3 Qe6 32. Qa3 Rxh4+ 33.
Kg2 Rf4 1/2-1/2

[Event "VI Festival A"]
[Site "Savigliano ITA"]
[Date "2007.05.31"]
[Round "1"]
[White "Militello, Michele"]
[Black "Blundo, Michele"]
[Result "1/2-1/2"]
[WhiteElo "2020"]
[BlackElo "1742"]
[PlyCount "46"]
[EventDate "2007.05.31"]

1. d4 Nf6 2. Nf3 d5 3. e3 e6 4. Bd3 Be7 5. Nbd2 b6 6. O-O O-O 7. Qe2 c5 8. c3
Nbd7 9. e4 dxe4 10. Nxe4 cxd4 11. cxd4 Bb7 12. Rd1 Re8 13. Nxf6+ Nxf6 14. Ne5
Qd5 15. Nf3 Qh5 16. Be3 Rac8 17. Rac1 Bd6 18. h3 Bxf3 19. Qxf3 Qxf3 20. gxf3
Nd5 21. Kf1 Bf4 22. Ke2 e5 23. Be4 Rxc1 1/2-1/2

[Event "VI Festival A"]
[Site "Savigliano ITA"]
[Date "2007.05.31"]
[Round "1"]
[White "Mrdja, Milan"]
[Black "Sola, Giuseppe"]
[Result "1-0"]
[WhiteElo "2367"]
[BlackElo "1935"]
[PlyCount "77"]
[EventDate "2007.05.31"]

1. e4 e6 2. d4 d5 3. Nc3 dxe4 4. Nxe4 Nd7 5. Bd3 Ngf6 6. Qe2 Nxe4 7. Bxe4 Nf6
8. Bxb7 Rb8 9. Bc6+ Bd7 10. Bxd7+ Qxd7 11. Nf3 Be7 12. O-O O-O 13. c4 h6 14.
Rd1 Rfd8 15. Be3 Qa4 16. b3 Qb4 17. Ne5 Qb7 18. h3 Nd7 19. Qf3 Nxe5 20. Qxb7
Rxb7 21. dxe5 Kf8 22. Kf1 a6 23. Ke2 Ke8 24. Rxd8+ Kxd8 25. Rd1+ Kc8 26. Rd4
Bc5 27. Rd3 Be7 28. Bd2 Bf8 29. Ba5 h5 30. g4 hxg4 31. hxg4 f6 32. exf6 gxf6
33. Rh3 c5 34. Rh8 Rf7 35. Bd2 Kd7 36. f4 f5 37. g5 Kd6 38. Bc3 Bg7 39. Rh7 1-0

[Event "VI Festival A"]
[Site "Savigliano ITA"]
[Date "2007.05.31"]
[Round "1"]
[White "Naumkin, Igor"]
[Black "Giacomasso, Enrico"]
[Result "1-0"]
[WhiteElo "2497"]
[BlackElo "1948"]
[PlyCount "49"]
[EventDate "2007.05.31"]

1. d4 Nf6 2. c4 e6 3. Nf3 d5 4. Bg5 Be7 5. e3 Nbd7 6. Nc3 c6 7. Rc1 O-O 8. Bd3
Re8 9. O-O dxc4 10. Bxc4 Nd5 11. Bxe7 Qxe7 12. Ne4 h6 13. Ng3 g6 14. e4 N5b6
15. Bb3 h5 16. e5 c5 17. Ne4 Rd8 18. Qd2 Kg7 19. dxc5 Nb8 20. Nd6 N6d7 21. Nxf7
Qxf7 22. Ng5 Qe7 23. Nxe6+ Kh7 24. Nxd8 Nxc5 25. Nf7 1-0

[Event "VI Festival A"]
[Site "Savigliano ITA"]
[Date "2007.05.31"]
[Round "1"]
[White "Pulito, Alberto"]
[Black "Gussone, Claudio"]
[Result "1-0"]
[WhiteElo "2277"]
[BlackElo "1914"]
[PlyCount "51"]
[EventDate "2007.05.31"]

1. e4 d6 2. d4 Nf6 3. Nc3 g6 4. f3 Bg7 5. Be3 c6 6. Qd2 O-O 7. O-O-O Qa5 8. Kb1
b5 9. Bh6 b4 10. Nce2 Nbd7 11. Nc1 c5 12. Bxg7 Kxg7 13. h4 cxd4 14. Nb3 Qb6 15.
Nxd4 Ne5 16. h5 d5 17. Qg5 Qb8 18. hxg6 fxg6 19. exd5 Nf7 20. Qh4 a5 21. Nge2
g5 22. Qg3 Qxg3 23. Nxg3 Nd6 24. Bd3 h6 25. Bf5 Nxf5 26. Ndxf5+ 1-0

[Event "VI Festival A"]
[Site "Savigliano ITA"]
[Date "2007.05.31"]
[Round "1"]
[White "Rossi, Vittorio"]
[Black "Lizzari, Nicola"]
[Result "1-0"]
[WhiteElo "2213"]
[BlackElo "1859"]
[PlyCount "80"]
[EventDate "2007.05.31"]

1. e4 d6 2. d4 Nf6 3. Nc3 g6 4. f3 Bg7 5. Be3 O-O 6. Qd2 e5 7. d5 c6 8. dxc6
bxc6 9. Rd1 d5 10. exd5 cxd5 11. Nxd5 Nxd5 12. Qxd5 Qxd5 13. Rxd5 Be6 14. Rd1
Nc6 15. Bd3 f5 16. Ne2 Bxa2 17. b3 Nb4 18. Bc4+ Kh8 19. Rd2 Rfd8 20. c3 Rxd2
21. Kxd2 Rd8+ 22. Kc1 Nd3+ 23. Kc2 e4 24. Nc1 Nxc1 25. Rxc1 Rc8 26. Ra1 Rxc4
27. bxc4 Bxc4 28. Rxa7 exf3 29. Ra8+ Bg8 30. gxf3 h6 31. f4 Bf6 32. Kd3 g5 33.
fxg5 hxg5 34. Bd4 Bxd4 35. Kxd4 Kg7 36. c4 Be6 37. c5 f4 38. c6 g4 39. c7 g3
40. hxg3 fxg3 1-0

[Event "VI Festival A"]
[Site "Savigliano ITA"]
[Date "2007.05.31"]
[Round "1"]
[White "Vozza, Nicola"]
[Black "Mennuti, Alberto"]
[Result "1-0"]
[WhiteElo "1995"]
[BlackElo "1710"]
[PlyCount "73"]
[EventDate "2007.05.31"]

1. d4 d5 2. c4 c6 3. Nc3 Nf6 4. e3 e6 5. Nf3 Nbd7 6. Bd3 Bd6 7. e4 dxe4 8. Nxe4
Nxe4 9. Bxe4 Qc7 10. O-O O-O 11. Bc2 e5 12. Qd3 f5 13. c5 Be7 14. Qc4+ Kh8 15.
Bg5 Qd8 16. Bxe7 Qxe7 17. Nxe5 Nxe5 18. dxe5 Qxe5 19. Rfe1 Qf6 20. Rad1 f4 21.
Rd6 Qg5 22. h4 Qxh4 23. g3 Qh3 24. gxf4 Qg4+ 25. Kf1 Qf3 26. Re3 Qh1+ 27. Ke2
Bg4+ 28. Kd2 Qg1 29. Re5 Qxf2+ 30. Kc3 Rfe8 31. Qe4 Qf3+ 32. Qxf3 Bxf3 33. Rd7
h5 34. Rg5 Rad8 35. Rdxg7 Re3+ 36. Kb4 b6 37. Rh7# 1-0

[Event "VI Festival A"]
[Site "Savigliano ITA"]
[Date "2007.06.01"]
[Round "2"]
[White "Artero, Carlo"]
[Black "Gioseffi, Massimiliano"]
[Result "0-1"]
[WhiteElo "1548"]
[BlackElo "1939"]
[PlyCount "95"]
[EventDate "2007.05.31"]

1. e4 c5 2. Nf3 e6 3. d4 cxd4 4. Nxd4 Nf6 5. Nc3 d6 6. Be3 Be7 7. f3 Nc6 8. Qd2
O-O 9. O-O-O d5 10. g4 dxe4 11. Nxe4 Nxe4 12. fxe4 Ne5 13. Qc3 Nd7 14. Bc4 Bg5
15. h4 Bxe3+ 16. Qxe3 Qe7 17. g5 Ne5 18. Be2 Bd7 19. h5 Rac8 20. Qg3 Nc4 21. g6
fxg6 22. hxg6 h6 23. Bxc4 Rxc4 24. Qe5 Rc5 25. Qg3 Rg5 26. Qh4 Qe8 27. Rdg1
Qxg6 28. Rxg5 Qxg5+ 29. Qxg5 hxg5 30. Rg1 Rf4 31. Rxg5 Rxe4 32. c3 b6 33. Kd2
Rf4 34. Re5 Kf7 35. Ne2 Rh4 36. Nd4 Kf6 37. Nf3 Rf4 38. Re3 g5 39. b3 g4 40.
Ne5 Bc8 41. c4 Kf5 42. Nd3 Re4 43. Rg3 e5 44. Nf2 Rd4+ 45. Ke3 Bb7 46. Rxg4
Rxg4 47. Nxg4 Kxg4 48. b4 0-1

[Event "VI Festival A"]
[Site "Savigliano ITA"]
[Date "2007.06.01"]
[Round "2"]
[White "Barletta, Mauro"]
[Black "Pulito, Alberto"]
[Result "1/2-1/2"]
[WhiteElo "2253"]
[BlackElo "2277"]
[PlyCount "22"]
[EventDate "2007.05.31"]

1. c4 e6 2. g3 Nf6 3. Nf3 d5 4. b3 c5 5. Bg2 Nc6 6. O-O Be7 7. e3 O-O 8. Qe2 b6
9. Bb2 Bb7 10. d3 Rc8 11. Nc3 a6 1/2-1/2

[Event "VI Festival A"]
[Site "Savigliano ITA"]
[Date "2007.06.01"]
[Round "2"]
[White "Belezky, Alexander"]
[Black "Aglietti, Graziano"]
[Result "0-1"]
[WhiteElo "2404"]
[BlackElo "2054"]
[PlyCount "46"]
[EventDate "2007.05.31"]

1. Nf3 d5 2. b3 c5 3. Bb2 Nc6 4. e3 Nf6 5. Bb5 a6 6. Bxc6+ bxc6 7. d3 Bg4 8. h3
Bh5 9. g4 Bg6 10. Ne5 Nd7 11. Nxd7 Qxd7 12. Nc3 h5 13. Na4 Qc7 14. g5 c4 15.
dxc4 dxc4 16. Qd2 Be4 17. Rg1 Rd8 18. Qc3 Qh2 19. Ke2 Qxh3 20. Rg3 Qf5 21. Qxc4
h4 22. Rgg1 Bf3+ 23. Ke1 h3 0-1

[Event "VI Festival A"]
[Site "Savigliano ITA"]
[Date "2007.06.01"]
[Round "2"]
[White "Blundo, Michele"]
[Black "Angioni, Gian Carlo"]
[Result "1-0"]
[WhiteElo "1742"]
[BlackElo "1805"]
[PlyCount "61"]
[EventDate "2007.05.31"]

1. d4 Nf6 2. c4 Nc6 3. Nf3 e6 4. e3 Bb4+ 5. Bd2 Qe7 6. a3 Bxd2+ 7. Nbxd2 a5 8.
g3 b6 9. Bg2 Bb7 10. O-O d6 11. Rc1 Nd8 12. Re1 c5 13. e4 O-O 14. e5 dxe5 15.
dxe5 Nd7 16. Rc3 Nc6 17. Rd3 Rfd8 18. Qc2 Nf8 19. Ne4 Rxd3 20. Qxd3 Rd8 21. Qc2
Nd4 22. Nxd4 Rxd4 23. Nd6 Bxg2 24. Kxg2 Ng6 25. f4 h5 26. Rd1 Rxd1 27. Qxd1 h4
28. Qf3 Qc7 29. Qe4 hxg3 30. hxg3 Ne7 31. Qa8+ 1-0

[Event "VI Festival A"]
[Site "Savigliano ITA"]
[Date "2007.06.01"]
[Round "2"]
[White "Gallitto, Salvatore"]
[Black "Peric, Slavisa"]
[Result "0-1"]
[WhiteElo "1939"]
[BlackElo "2289"]
[PlyCount "87"]
[EventDate "2007.05.31"]

1. d4 d5 2. e3 c5 3. c3 Nf6 4. Bd3 Nc6 5. f4 Qc7 6. Nf3 g6 7. Ne5 Bg7 8. O-O
Bf5 9. b3 Bxd3 10. Qxd3 cxd4 11. exd4 O-O 12. Bb2 Ne4 13. Nd2 Nxd2 14. Qxd2 e6
15. Rac1 b5 16. Ba3 Rfd8 17. Bb2 Rac8 18. Nd3 Qa5 19. b4 Qb6 20. Nc5 a5 21. a3
Ra8 22. Ra1 Ne7 23. Qe1 Nf5 24. Nb3 axb4 25. axb4 Nd6 26. Nc5 Nc4 27. Qe2 Qc6
28. g3 h5 29. Rfe1 Bf8 30. Nd3 Bd6 31. Ne5 Bxe5 32. fxe5 Nxb2 33. Qxb2 Rdc8 34.
Rxa8 Rxa8 35. Ra1 Rc8 36. Ra3 Ra8 37. Qa1 Ra4 38. Rxa4 bxa4 39. h4 Qc4 40. b5
Qb3 41. b6 Kg7 42. b7 Qxb7 43. Qf1 a3 44. Qf6+ 0-1

[Event "VI Festival A"]
[Site "Savigliano ITA"]
[Date "2007.06.01"]
[Round "2"]
[White "Gallucci, Alessio"]
[Black "Borgo, Giulio"]
[Result "0-1"]
[WhiteElo "1994"]
[BlackElo "2418"]
[PlyCount "50"]
[EventDate "2007.05.31"]

1. e4 d6 2. d4 Nf6 3. Nc3 Nbd7 4. f4 e5 5. Nf3 exd4 6. Qxd4 c6 7. Be3 d5 8. e5
Ng4 9. Bg1 Bc5 10. Qd2 Bxg1 11. Rxg1 Qb6 12. h3 Nh2 13. Nd4 Nxf1 14. Rxf1 Qxb2
15. Rb1 Qa3 16. Rf3 Qc5 17. Nf5 O-O 18. Na4 Qc4 19. Rb4 Qxa2 20. Nxg7 Kxg7 21.
Nc3 Qa1+ 22. Kf2 Qa5 23. Ne2 Nc5 24. Qd4 Ne4+ 25. Kg1 Qc5 0-1

[Event "VI Festival A"]
[Site "Savigliano ITA"]
[Date "2007.06.01"]
[Round "2"]
[White "Gussone, Claudio"]
[Black "Abbura', Davide"]
[Result "0-1"]
[WhiteElo "1914"]
[BlackElo "1683"]
[PlyCount "74"]
[EventDate "2007.05.31"]

1. c4 e6 2. Nf3 Nf6 3. g3 d5 4. Bg2 Be7 5. b3 O-O 6. Bb2 Nbd7 7. O-O c6 8. d3
Re8 9. Qc2 h6 10. Nbd2 Qc7 11. Rac1 Bd6 12. e4 dxe4 13. Nxe4 Nxe4 14. dxe4 e5
15. Rcd1 Nf6 16. a3 Bg4 17. c5 Bf8 18. Rd2 Bxf3 19. Bxf3 Rad8 20. Rfd1 Rxd2 21.
Rxd2 b6 22. b4 bxc5 23. bxc5 Nd7 24. a4 Bxc5 25. Rxd7 Bxf2+ 26. Qxf2 Qxd7 27.
Qc5 f6 28. Bc1 Rb8 29. Be3 Qh3 30. Qc2 Qd7 31. Kg2 Rb4 32. h3 Qb7 33. Bf2 Rb2
34. Qc5 a6 35. Bh5 Kh7 36. Be8 Rd2 37. h4 Qb1 0-1

[Event "VI Festival A"]
[Site "Savigliano ITA"]
[Date "2007.06.01"]
[Round "2"]
[White "Leoni, Alessandro"]
[Black "Scipioni, Gaetano"]
[Result "1/2-1/2"]
[WhiteElo "1838"]
[BlackElo "2096"]
[PlyCount "79"]
[EventDate "2007.05.31"]

1. e4 d6 2. d4 Nf6 3. Nc3 c6 4. f4 Qa5 5. Bd3 d5 6. e5 Ne4 7. Nge2 f5 8. exf6
exf6 9. O-O f5 10. Ng3 g6 11. Ncxe4 dxe4 12. Bc4 Na6 13. Bd2 Qb6 14. Bc3 Nc7
15. a4 a5 16. Qe2 Bg7 17. Kh1 Kf8 18. Nxe4 fxe4 19. f5 gxf5 20. Qh5 Nd5 21.
Rxf5+ Bxf5 22. Qxf5+ Ke8 23. Qe6+ Kd8 24. Bxd5 Qc7 25. Bxe4 Qd7 26. Qb3 Kc7 27.
Be1 Qxd4 28. Qf7+ Kb8 29. Bc3 Qxe4 30. Qxg7 Re8 31. Qg3+ Ka7 32. Bxa5 Rac8 33.
Bc3 Qxc2 34. a5 Rcd8 35. Qf3 Rd3 36. Qh5 Red8 37. Qc5+ Ka8 38. h3 Rd1+ 39. Rxd1
Rxd1+ 40. Kh2 1/2-1/2

[Event "VI Festival A"]
[Site "Savigliano ITA"]
[Date "2007.06.01"]
[Round "2"]
[White "Lizzari, Nicola"]
[Black "Giacomasso, Enrico"]
[Result "1/2-1/2"]
[WhiteElo "1859"]
[BlackElo "1948"]
[PlyCount "93"]
[EventDate "2007.05.31"]

1. d4 Nf6 2. c4 e6 3. Nc3 Bb4 4. e3 b6 5. Bd3 Bb7 6. Nf3 O-O 7. O-O d5 8. cxd5
exd5 9. Bd2 Nbd7 10. Rc1 c6 11. a3 Bd6 12. e4 dxe4 13. Nxe4 Be7 14. Ng3 g6 15.
Bh6 Re8 16. Bc4 Nd5 17. Re1 Rc8 18. Qe2 N7f6 19. Ne5 b5 20. Ba2 Bf8 21. Bxf8
Kxf8 22. Qd2 Ng8 23. Ne4 f6 24. Nf3 Rc7 25. Nc5 Bc8 26. Rxe8+ Qxe8 27. Bxd5
cxd5 28. Ne6+ Qxe6 29. Rxc7 Bd7 30. h3 a6 31. Qf4 Ke7 32. Rc1 Qd6 33. Re1+ Be6
34. Qe3 Kd7 35. Qc3 Ne7 36. Qa5 Qc6 37. Qd2 g5 38. Rc1 Qb6 39. g4 Bf7 40. b4
Bg6 41. h4 Qe6 42. Nh2 gxh4 43. Re1 Qb6 44. Qh6 Qc6 45. Qg7 Qd6 46. Qh6 Be4 47.
Qxh4 1/2-1/2

[Event "VI Festival A"]
[Site "Savigliano ITA"]
[Date "2007.06.01"]
[Round "2"]
[White "Malano, Francesco"]
[Black "Rossi, Vittorio"]
[Result "0-1"]
[WhiteElo "1980"]
[BlackElo "2213"]
[PlyCount "76"]
[EventDate "2007.05.31"]

1. Nf3 Nf6 2. g3 g6 3. b3 Bg7 4. Bb2 O-O 5. Bg2 d6 6. d4 Ne4 7. Nfd2 Nxd2 8.
Qxd2 c5 9. e3 Nc6 10. O-O cxd4 11. exd4 Bf5 12. Na3 Rc8 13. Rfd1 a6 14. c4 Qb6
15. Bc3 Qa7 16. h3 h5 17. Rac1 Kh7 18. Kh2 Qb8 19. h4 e5 20. d5 Bh6 21. f4 exf4
22. gxf4 Ne5 23. Kg3 Nd3 24. Rf1 Nxc1 25. Rxc1 b5 26. Bf1 Bg7 27. Bxg7 Kxg7 28.
cxb5 Rxc1 29. Qxc1 Qb6 30. Qb2+ Kg8 31. bxa6 Qe3+ 32. Kh2 Re8 33. Nc4 Qxf4+ 34.
Kg1 Bh3 35. Qf2 Qg4+ 36. Kh2 Bxf1 37. a7 Bxc4 38. bxc4 Qe2 0-1

[Event "VI Festival A"]
[Site "Savigliano ITA"]
[Date "2007.06.01"]
[Round "2"]
[White "Martin, Tiziano"]
[Black "Militello, Michele"]
[Result "1-0"]
[WhiteElo "2008"]
[BlackElo "2020"]
[PlyCount "89"]
[EventDate "2007.05.31"]

1. e4 d6 2. Nc3 e5 3. Bc4 Nf6 4. d3 c6 5. Qe2 Be7 6. f4 Nbd7 7. Nf3 b5 8. Bb3
O-O 9. O-O Qc7 10. a4 b4 11. Nd1 a5 12. Ne3 Nc5 13. fxe5 dxe5 14. Bc4 Be6 15.
b3 Bxc4 16. Nxc4 Nfd7 17. Bb2 f6 18. Nh4 Ne6 19. Nf5 Bc5+ 20. Kh1 Rf7 21. Qg4
Kh8 22. Rf3 Nd4 23. Bxd4 Bxd4 24. Raf1 Nf8 25. Nxd4 exd4 26. e5 Re8 27. Nd6
Rxe5 28. Nxf7+ Qxf7 29. Qxd4 Qe7 30. Qb6 h6 31. Qxc6 Ne6 32. Rf5 Nd8 33. Rxe5
Qxe5 34. Qe4 Qc7 35. Re1 Nc6 36. d4 Qd6 37. Qg6 Ne7 38. Qe8+ Ng8 39. Qe4 g5 40.
d5 Kg7 41. Qe6 Qc5 42. Qc6 Qf2 43. Rg1 Ne7 44. Qc7 Qe3 45. d6 1-0

[Event "VI Festival A"]
[Site "Savigliano ITA"]
[Date "2007.06.01"]
[Round "2"]
[White "Mennuti, Alberto"]
[Black "Finocchiaro, Gianluca"]
[Result "0-1"]
[WhiteElo "1710"]
[BlackElo "1939"]
[PlyCount "66"]
[EventDate "2007.05.31"]

1. d4 c5 2. d5 Nf6 3. c4 b5 4. cxb5 a6 5. bxa6 Bxa6 6. g3 d6 7. Bg2 g6 8. Nf3
Nbd7 9. O-O Bg7 10. Re1 O-O 11. e4 Ng4 12. Nc3 Nde5 13. Nxe5 Nxe5 14. Qc2 Nd3
15. Rd1 Nxc1 16. Raxc1 f5 17. exf5 Rxf5 18. Bh3 Rf8 19. Be6+ Kh8 20. Ne4 Bh6
21. Qc3+ Bg7 22. Qe3 Bc8 23. Ng5 Qe8 24. Rc4 Bxe6 25. Nxe6 Qb5 26. Rh4 Bf6 27.
Nxf8 Rxf8 28. Qh6 Rf7 29. Rf4 Qxb2 30. g4 Bg7 31. Qg5 h6 32. Rxf7 hxg5 33. Rxe7
Qxa2 0-1

[Event "VI Festival A"]
[Site "Savigliano ITA"]
[Date "2007.06.01"]
[Round "2"]
[White "Ortega, Lexy"]
[Black "Cordara, Michele"]
[Result "1-0"]
[WhiteElo "2425"]
[BlackElo "2152"]
[PlyCount "56"]
[EventDate "2007.05.31"]

1. d4 Nf6 2. Nf3 e6 3. Bf4 b6 4. e3 Bb7 5. Nbd2 c5 6. Nc4 cxd4 7. Nxd4 d5 8.
Ne5 Nfd7 9. Bb5 a6 10. Nxe6 Bb4+ 11. c3 fxe6 12. Bxd7+ Nxd7 13. cxb4 Nxe5 14.
Bxe5 Qg5 15. Bg3 O-O 16. Qd4 Rf7 17. Qxb6 e5 18. O-O d4 19. exd4 exd4 20. Qxd4
Rd8 21. Qc5 Rd5 22. Qc4 Qd8 23. Rae1 h5 24. Re3 Qd7 25. Rfe1 Rd4 26. Re8+ Kh7
27. Qc2+ g6 28. R8e5 Rg4 1-0

[Event "VI Festival A"]
[Site "Savigliano ITA"]
[Date "2007.06.01"]
[Round "2"]
[White "Petritaj, Ferdinando"]
[Black "Naumkin, Igor"]
[Result "0-1"]
[WhiteElo "2141"]
[BlackElo "2497"]
[PlyCount "59"]
[EventDate "2007.05.31"]

1. d4 e6 2. c4 Nf6 3. Nc3 Bb4 4. g3 Bxc3+ 5. bxc3 c5 6. e3 Nc6 7. Bd3 O-O 8.
Ne2 b6 9. O-O Ba6 10. f4 d5 11. cxd5 Bxd3 12. dxc6 Ba6 13. Qc2 Qd5 14. f5 Qxc6
15. Rf2 Qe4 16. Qd2 Bxe2 17. Qxe2 cxd4 18. Rf4 d3 19. Qf1 Qc6 20. Qxd3 e5 21.
Rc4 Rad8 22. Qe2 Qd7 23. e4 Qd1+ 24. Qf1 Qxf1+ 25. Kxf1 Rd1+ 26. Ke2 Rfd8 27.
g4 h6 28. h4 Nxg4 29. Rc8 Rxc8 30. Kxd1 0-1

[Event "VI Festival A"]
[Site "Savigliano ITA"]
[Date "2007.06.01"]
[Round "2"]
[White "Saccona, Silvano"]
[Black "Medaglia, Enzo"]
[Result "1-0"]
[WhiteElo "2159"]
[BlackElo "1840"]
[PlyCount "49"]
[EventDate "2007.05.31"]

1. Nf3 c5 2. e4 d6 3. d4 cxd4 4. Nxd4 Nf6 5. Nc3 a6 6. a4 e6 7. Be3 Be7 8. Be2
O-O 9. O-O Nbd7 10. Qd2 Ne8 11. f4 g6 12. Bc4 Ng7 13. Rad1 e5 14. Nf3 exf4 15.
Bxf4 Qc7 16. Bb3 Qb6+ 17. Kh1 Nf6 18. Ng5 Bg4 19. Rde1 Be6 20. Nxe6 Nxe6 21.
Bh6 Ng7 22. Bg5 Nge8 23. Rf3 Qd8 24. Ref1 Rc8 25. Qd4 1-0

[Event "VI Festival A"]
[Site "Savigliano ITA"]
[Date "2007.06.01"]
[Round "2"]
[White "Sattanino, Andrea"]
[Black "Araniti, Michelangelo"]
[Result "1-0"]
[WhiteElo "1855"]
[BlackElo "1869"]
[PlyCount "81"]
[EventDate "2007.05.31"]

1. d4 Nf6 2. c4 d5 3. Nc3 e6 4. Bg5 Be7 5. e3 O-O 6. Nf3 Ne4 7. Bxe7 Qxe7 8.
Nxe4 dxe4 9. Nd2 f5 10. Be2 b6 11. O-O Bb7 12. c5 bxc5 13. dxc5 Qxc5 14. Rc1
Qe7 15. Qb3 Bd5 16. Bc4 c6 17. Rc2 Nd7 18. Bxd5 cxd5 19. Rfc1 Ne5 20. Rc7 Qg5
21. Qb7 h5 22. Kf1 Rab8 23. Qa6 Rb6 24. Qa3 Rf6 25. Qe7 Rg6 26. Qe8+ Kh7 27. g3
Rxb2 28. Rc8 Rf6 29. R1c7 Qh6 30. Qh8+ Kg6 31. Qe8+ Kg5 32. Nb3 Nf3 33. h4+ Kg4
34. Kg2 d4 35. exd4 e3 36. Rc2 Rxc2 37. Rxc2 Ne1+ 38. Kh2 Nxc2 39. Qb5 Kf3 40.
Qd3 Ne1 41. Nd2+ 1-0

[Event "VI Festival A"]
[Site "Savigliano ITA"]
[Date "2007.06.01"]
[Round "2"]
[White "Sola, Giuseppe"]
[Black "Blengino, Luca"]
[Result "1-0"]
[WhiteElo "1935"]
[BlackElo "1854"]
[PlyCount "61"]
[EventDate "2007.05.31"]

1. Nf3 Nf6 2. c4 g6 3. Nc3 Bg7 4. g3 d6 5. Bg2 e5 6. d3 O-O 7. O-O Nc6 8. Rb1
a5 9. a3 Nd7 10. b4 axb4 11. axb4 f5 12. Bg5 Qe8 13. Nd5 Qf7 14. Nxc7 Nb6 15.
Nxa8 Nxa8 16. b5 Nd8 17. Bxd8 Rxd8 18. Ng5 Qe7 19. Bd5+ Kf8 20. Nxh7+ Ke8 21.
h4 Bh6 22. Ng5 Bxg5 23. hxg5 Qxg5 24. b6 f4 25. Kg2 Ke7 26. Rh1 fxg3 27. Rh7+
Kf8 28. fxg3 Qe3 29. Qf1+ Bf5 30. Qf2 Qxf2+ 31. Kxf2 1-0